000 00912cam a22003251a 4500
001 8382419
003 SISC
005 20160303150529.0
008 930727t19471928gw 000 0 ger
010 _a 53020267
020 _a0099908506
035 _a(OCoLC)28524432
040 _aDLC
_cNcBuC
_dDLC
042 _apremarc
050 0 0 _aPS 3515
_b.H488 1994
082 _aCLA H37f
_b1994
100 1 _aHemingway, Ernest,
_d1899-1961.
_93512
240 1 4 _aThe sun also rises.
_lGerman.
_f1947
245 1 0 _aFiesta :
_cErnest Hemingway.
_bthe sun also rises /
260 _bArrow Books
_c1994
300 _a218 p. ;
_c20 cm.
562 _eFor circulation. 3 copies in the collection
650 _aInternational Baccalaureate.
_9127
650 _aFiction.
_9746
906 _a7
_bcbc
_coclcrpl
_du
_encip
_f19
_gy-gencatlg
942 _2lcc
_cBK
999 _c226
_d226